000 00314nam a22001337a 4500
008 181218b xxu||||| |||| 00| 0 eng d
020 _a9780201407976
041 _aeng
080 _a610
100 _a4
101 _aSHM
245 _aThe Doctor's Guide to Chronic Fatigue Syndrome
_cBell, D.S
942 _2udc
_cBK
999 _c53408
_d53408